Statistics for Guess the Taylor Swift song with no hint 53

Click here to take the quiz!

General Stats

  • This quiz has been taken 517 times
  • The average score is 276 of 325

Answer Stats

Answer% Correct
a
100%
I
100%
and
99%
And
99%
You
98%
you
98%
it
96%
me
96%
on
95%
the
94%
your
94%
to
93%
we
93%
I'm
92%
like
92%
my
92%
no
92%
this
92%
you're
92%
You're
92%
all
91%
go
91%
don't
90%
had
90%
be
89%
know
89%
have
88%
But
87%
Can't
87%
can't
87%
he
87%
He
87%
I'd
87%
It's
87%
it's
87%
Never
86%
never
86%
now
86%
see
86%
thought
86%
time
86%
what
86%
not
85%
Oh
84%
oh-oh
84%
out
84%
back
83%
ever
83%
leave
83%
too
83%
come
81%
Come
81%
haunted
81%
figured
80%
was
80%
gone
79%
known
79%
walk
79%
wanted
79%
just
78%
line
78%
there
78%
again
76%
fragile
76%
said
76%
Something
76%
breath
75%
From
73%
every
72%
Won't
72%
break
71%
holding
71%
live
71%
nothing
71%
whenever
71%
wrong
71%
eyes
70%
made
70%
turn
70%
away
69%
breathe
69%
cold
69%
Something's
69%
getting
68%
terribly
68%
big
67%
mistake
67%
dark
66%
make
66%
will
66%
anything
65%
everything
65%
over
65%
quiet
64%
take
64%
trust
64%
lose
63%
coming
62%
still
62%
try
62%
started
61%
finish
60%
keeps
60%
word
60%
instead
59%
mean
59%
pain
59%
whole
59%
wishing
59%
might
57%
smile
57%
watched
56%
Stood
54%

Score Distribution

Percentile by Number Answered

Percent of People with Each Score

Your Score History

You have not taken this quiz